Statistics for Biggest cities a random place on the map

Click here to take the quiz!

General Stats

  • This quiz has been taken 48 times
  • The average score is 10 of 20

Answer Stats

Population Answer % Correct
1.32 mCopenhagen
98%
1.84 mHamburg
95%
1.02 mAmsterdam
95%
798 kRotterdam
91%
753 kThe Hague
89%
277 kAarhus
77%
569 kBremen
73%
247 kKiel
61%
345 kUtrecht
61%
285 kEindhoven
50%
208 kRostock
41%
200 kGroningen
39%
179 kOdense
34%
217 kLübeck
34%
192 kHaarlem
32%
168 kOldenburg
14%
314 kMünster
11%
256 kLeiden
11%
204 kTilburg
11%
217 kDordrecht
11%

Score Distribution

Percentile by Number Answered

Percent of People with Each Score

Your Score History

You have not taken this quiz